000 00687nam a2200181 a 4500
001 000039546
005 20201002031710.0
008 130708s2013 dr 000 0 spa d
020 _a9789945864878
040 _aDO-SdBNP
_bspa
_cBNPHU
100 1 _aJorge Prats, Eduardo
_917747
245 1 0 _aComentarios a la ley orgánica del tribunal constitucional y de los procedimientos constitucionales /
_cEduardo Jorge Prats.
250 _a2a ed.
260 _aSanto Domingo :
_bLus Novum,
_c2013.
300 _a255 p. ;
_c26 cm.
500 _aIncluye datos biográficos del autor en la solapa de la contracubierta
500 _aIncluye notas y referencias bibliográficas al pie de las páginas
999 _c39036
_d39036